Đợi anh về Thơ: Kỷ niệm 50 năm chiến thắng phát xít
Giới thiệu các bài thơ của các nhà thơ Nga, Xô viết với chiến tranh vệ quốc; Các nhà thơ Việt Nam về chiến tranh chống phát xít; Thế giới chống phát xít.
Đã lưu trong:
| Tác giả chính: | |
|---|---|
| Định dạng: | Sách |
| Năm xuất bản: |
H.
Văn học
1995
|
| Chủ đề: | |
| Tags: |
Thêm thẻ
Không có thẻ, Hãy là người đầu tiên gắn thẻ bản ghi này!
|
| LEADER | 00792nam a2200169 4500 | ||
|---|---|---|---|
| 082 | |a 808.81 |b Đ462a. | ||
| 100 | |a Thúy Toàn | ||
| 245 | |a Đợi anh về |b Thơ: Kỷ niệm 50 năm chiến thắng phát xít |c Thúy Toàn chủ biên | ||
| 260 | |a H. |b Văn học |c 1995 | ||
| 300 | |a 320tr. |c 19cm | ||
| 520 | |a Giới thiệu các bài thơ của các nhà thơ Nga, Xô viết với chiến tranh vệ quốc; Các nhà thơ Việt Nam về chiến tranh chống phát xít; Thế giới chống phát xít. | ||
| 653 | |a Văn học | ||
| 653 | |a Thế giới | ||
| 653 | |a Thơ | ||
| 942 | |2 ddc |c SH | ||
| 999 | |c 870 |d 870 | ||
| 952 | |0 0 |1 0 |2 ddc |4 0 |6 808_810000000000000_Đ462A |7 0 |8 800 |9 16167 |a qbu |b qbu |c D5 |d 2014-11-27 |g 15000 |o 808.81 Đ462a. |p 5425.c1 |r 0000-00-00 |w 2014-11-27 |y SH |0 0 |6 808_810000000000000_Đ462A | ||